01394nam a2200337Ia 4500001001200000003000800012006001900020007001500039008004100054010001700095020003000112020001800142040002100160035002100181050002600202082001700228100002500245245017200270260005700442300003100499504005100530533015200581650004400733650003900777655002900816700002500845700002400870710001700894856012600911999001901037ebr10661783CaPaEBRm u cr cn|||||||||100630s2010 nyua sb 001 0 eng d z 2010026270 z9781617289712 (softcover) z9781617613524 aCaPaEBRcCaPaEBR a(OCoLC)70708063614aRC394.H85bP44 2010eb04a616.8/512221 aPerandones, Claudia.10aMolecular mechanisms involved in the pathogenesis of Huntington's diseaseh[electronic resource] /cClaudia Perandones, Federico Eduardo Micheli and Martin Radrizzani. aNew York :bNovinka/Nova Science Publishers,cc2010. aviii, 56 p. :bcol. ill.  aIncludes bibliographical references and index. aElectronic reproduction.bPalo Alto, Calif. :cebrary,d2013.nAvailable via World Wide Web.nAccess may be limited to ebrary affiliated libraries. 0aHuntington's choreaxMolecular aspects. 0aHuntington's choreaxPathogenesis. 7aElectronic books.2local1 aMicheli, Federico E.1 aRadrizzani, Martin.2 aebrary, Inc.40uhttp://site.ebrary.com/lib/rucke/Doc?id=10661783zAn electronic book accessible through the World Wide Web; click to view c169856d169856